000 01194nam a2200229Ia 4500
001 18031
003 GE_BSU
008 181216s||||||||xx |||||||||||||| ||und||
040 _cGE_BSU
080 _a81'322.4+004
100 _aთამარაშვილი, ლამარა., მარგველანი, ლ., ჩიკოიძე, გ.
245 _aბუნებრივი ენა და გამოთვლითი მანქანა
245 _cრედ.: გ. რამიშვილი
250 _aსაქ. სსრ მეცნ. აკად., მართვის სისტემების ინ-ტი, საშ., პროფ. ტექნ. და უმაღლ. სკოლების კომისია.
260 _aთბილისი
260 _bმეცნიერება
260 _c1987
300 _a78გვ. ; 22სმ
653 _aბუნებრივი ენა და გამოთვლითი მანქანა
653 _aბუნებრივი ენა; გამოთვლითი მანქანები; მანქანური თარგმნ
942 _cBK
999 _c51074
_d51074